| 000 | 00545nam a22001817a 4500 | ||
|---|---|---|---|
| 003 | CEME | ||
| 005 | 20210628205937.0 | ||
| 008 | 210209b xxu||||| |||| 00| 0 eng d | ||
| 020 | _a1-56676-826-8 | ||
| 040 | _c. | ||
| 082 | _a620.118 COM | ||
| 100 |
_aTechnomic _968101 |
||
| 245 | _aThe composite materials handbook-mil 17 guidelines for characterization of structural materials | ||
| 260 |
_aUSA _bTECHNOMIC PUBLISHING _c1999 |
||
| 300 | _aVOL,1 | ||
| 650 |
_aMATERIALS COMPOSITE MATERIALS STRUCTURAL MATERIALS _977581 |
||
| 942 |
_cBK _2ddc |
||
| 999 |
_c582837 _d582837 |
||